| 000 | 01397nam0a2200337 4500 | ||
|---|---|---|---|
| 001 | RU\NLR\bibl\1859206 | ||
| 005 | 20260408180138.0 | ||
| 010 |
_a978-5-91503-197-4 _92000 |
||
| 021 |
_aRU _b2011-103069 _97371 |
||
| 035 | _a(NLR Aleph) 001849119 | ||
| 090 |
_a2377270 _c2377270 |
||
| 100 | _a20120123d2012 |||y0rusy50 ca | ||
| 101 | 0 |
_arus _apol |
|
| 102 | _aRU | ||
| 105 | _ay ||||||||| | ||
| 200 | 1 |
_aНовый польско-русский и русско-польский словарь _e50000 слов и словосочетаний |
|
| 210 |
_aМосква _cДом Славянской книги _d2012 [т.е. 2011] |
||
| 215 |
_a766, [1] с. _d17 |
||
| 300 | _aЗагл. обл.: Новый польско-русский, русско-польский словарь | ||
| 300 | _aКн. фактически изд. в 2011 г. | ||
| 512 | 1 | _aНовый польско-русский, русско-польский словарь | |
| 606 | 1 |
_aПольский язык _xСловари _xРусский язык _91937277 _3RU\NLR\auth\66884972 |
|
| 606 |
_aРусский язык _xСловари _xПольский язык _3RU\NLR\auth\66884887 _91937108 |
||
| 686 | _aШ141.53-491перев | ||
| 686 | _aШ141.12-491перев | ||
| 801 | 0 |
_aRU _bNLR _c20120123 _gRCR |
|
| 801 | 1 |
_aRU _bNLR _c20120123 |
|
| 942 | _cBOOK | ||
| 980 | _aNB | ||